Intellectual property rights : Unleashing the knowledge economy (Record no. 42101)

MARC details
000 -LEADER
fixed length control field 00333nam a2200109Ia 4500
082 ## - DEWEY DECIMAL CLASSIFICATION NUMBER
Classification number 339.166.5
Item number GAN
100 ## - MAIN ENTRY--AUTHOR NAME
Personal name Ganguli, Prabudha
245 #0 - TITLE STATEMENT
Title Intellectual property rights : Unleashing the knowledge economy
260 ## - PUBLICATION, DISTRIBUTION, ETC. (IMPRINT)
Place of publication New Delhi
Name of publisher Tata McGraw-Hill Publishing
Year of publication 2001
942 ## - ADDED ENTRY ELEMENTS (KOHA)
Koha item type Books
Holdings
Withdrawn status Lost status Damaged status Not for loan Home library Current library Date acquired Cost, normal purchase price Full call number Accession Number Koha item type
        RRII Library RRII Library 16/12/2021 485.00 339.166.5 GAN 22378 Books